LEADER 01068nam a2200229 i 4500 001 000000144651 003 CaOOAMICUS 005 20051108000000.0 008 051108s1905 it u000 u ita u 013 $a120009 040 $aSeMil$bita 100 1 $aGiobbio, Adolfo,$c.$0(OLS)http://semarc/name/12859 245 13$aLa chiesa e lo stato in Francia :$bdurante la rivoluzione 1789-1799 /$cMons. Adolfo Dott. Giobbio Professore di Storia Diplomazia e Diritto Pubblico Ecclesiastico. 260 $aRoma :$bFederico Pustet,$c1905. 300 $aXVI, 408 p. ;$c23 cm. 500 $aContiene : Bibliografia. 650 4$aRivoluzione francese <1789-1799> [e] Chiesa.$0(OLS)http://semarc/subject/2352 850 $aSeMil 852 $aSeMil$W1$xVenegono$y1$m3A IV 86$j97543$B97543$CSeMilBibl$Z2$F105679 $81 961 $aRecupero: Biblioteca Seminario Saronno 996 $6245$aLa chiesa e lo stato in Francia :$bdurante la rivoluzione 1789-1799$9(OLS)http://semarc/title/211583 996 $6260$aRoma :$bFederico Pustet$9(OLS)http://semarc/publisher/32963 LEADER 01048nam a2200253 i 4500 001 000000125794 003 CaOOAMICUS 005 20040427000000.0 008 040427s2004 it u000 u ita u 013 $a98495 020 $a88-06-16202-0 040 $aSeMil$bita 245 12$aL'immagine fotografica :$b1945-2000 /$ca cura di Uliano Lucas. 260 $aTorino :$bEinaudi,$c2004. 300 $aXXXVI, 725 p. :$bill ;$c22 cm. 650 4$aItalia - Storia - 1945-2000 - Fotografie.$0(OLS)http://semarc/subject/24486 700 1 $aLucas, Uliano,$d<1942- >.$0(OLS)http://semarc/name/51771 773 0 $tStoria d'Italia. Annali.$dTorino : Einaudi, 1978.$g20$w()1589 850 $aSeMil 852 $aSeMil$W1$xVenegono$y1$mSL1.H VI 6$j80204$B80204$CSeMilBibl$Z2$F82388 $8I 961 $aSottoscrizione: Einaudi (Agente) 996 $6020$a88-06-16202-0$9(OLS)http://semarc/number/111783 996 $6245$aL'immagine fotografica :$b1945-2000$9(OLS)http://semarc/title/185297 996 $6260$aTorino :$bEinaudi$9(OLS)http://semarc/publisher/29884